Arthurian romances (Record no. 651)
[ view plain ]
| 000 -LEADER | |
|---|---|
| fixed length control field | 00396nam a2200121 4500 |
| 082 ## - DEWEY DECIMAL CLASSIFICATION NUMBER | |
| Classification number | 843.1 |
| Item number | TRO/COM |
| 100 ## - MAIN ENTRY--PERSONAL NAME | |
| Personal name | Troyes, Chretien de |
| 245 ## - TITLE STATEMENT | |
| Title | Arthurian romances |
| Statement of responsibility, etc. | Chretien de Troyes ; translated from the French with an introduction by W.W.Comfort |
| 260 ## - PUBLICATION, DISTRIBUTION, ETC. | |
| Place of publication, distribution, etc. | London |
| Name of publisher, distributor, etc. | Dent |
| Date of publication, distribution, etc. | 1914 [reprinted 1968] |
| 300 ## - PHYSICAL DESCRIPTION | |
| Extent | xix, 377p.;20 cm. -- |
| 490 ## - SERIES STATEMENT | |
| Series statement | Everyman's library ; 698 |
| 710 ## - ADDED ENTRY--CORPORATE NAME | |
| Corporate name or jurisdiction name as entry element | Comfort,W.W |
| Withdrawn status | Lost status | Damaged status | Not for loan | Collection code | Home library | Current library | Date acquired | Total Checkouts | Full call number | Barcode | Date last seen | Price effective from | Koha item type |
|---|---|---|---|---|---|---|---|---|---|---|---|---|---|
| ENGLISH | North Eastern Hill University | North Eastern Hill University | 18/11/2011 | 843.1 TRO/COM | A525 | 18/11/2011 | 18/11/2011 | Books | |||||
| North Eastern Hill University | North Eastern Hill University | 18/11/2011 | 843.1 TRO/COM | 47889 | 18/11/2011 | 18/11/2011 | Books | ||||||
| North Eastern Hill University | North Eastern Hill University | 18/11/2011 | 843.1 TRO/COM | 49427 | 18/11/2011 | 18/11/2011 | Books |
